| 000 | 00756nam a2200241 i 4500 | ||
|---|---|---|---|
| 001 | 15186 | ||
| 003 | ES-MaACL | ||
| 005 | 20230906151018.0 | ||
| 007 | t| | ||
| 008 | 000114s1998 sp ||||1| spa d | ||
| 020 | _a84-930003-0-2 | ||
| 080 | _a726.7(460.27 M.) | ||
| 100 | 1 |
_aDíez Cuevas, Luis Carlos. _944696 |
|
| 245 | 1 | 3 |
_aEl Palacio de la Inquisición en Madrid / _cLuis Carlos Díez Cuevas. |
| 250 | _a1ª ed. | ||
| 260 |
_aMadrid : _bImaginógrafo, _c1998. |
||
| 300 |
_a269 p. : _bil. ; _c21 cm. |
||
| 490 | 1 |
_aInvestigaciones universitarias ; _v1 |
|
| 651 |
_aMadrid- _xEdificios, estructuras, etc. _98959 |
||
| 830 | 0 |
_aInvestigaciones universitarias ; _v1 _9228560 |
|
| 852 |
_aES-MaACL _jL-22337 _bR.127659 |
||
| 999 |
_c15186 _d15186 |
||